| 000 | 01679nam0a2200349 4500 | ||
|---|---|---|---|
| 001 | RU\NLR\BIBL_A\022727452 | ||
| 005 | 20260310084040.0 | ||
| 010 |
_a978-5-317-07367-1 _91000 |
||
| 021 |
_aRU _bКН-П-25-080131 _9КН-П-25-7770 |
||
| 035 | _a(NLR Aleph) 022727452 | ||
| 090 |
_a13633040 _c13633040 |
||
| 100 | _a20260213d2026 u y0rusy50 ca | ||
| 101 | 0 | _arus | |
| 102 | _aRU | ||
| 105 | _aa z 000yy | ||
| 200 | 1 |
_aМатематическое моделирование трубопроводных сетей и систем каналов _eметоды, модели и алгоритмы _fВ. Е. Селезнев, В. В. Алешин, С. Н. Прялов |
|
| 205 | _a2-е изд., испр. и доп. | ||
| 210 |
_aМосква _cМакс Пресс _d2026 |
||
| 215 |
_a799 с. _cил. _d24 |
||
| 300 | _aНа 4-й с. обл. авт.: Селезнев В. Е., Алешин В. В., Прялов С. Н., д-ра техн. наук | ||
| 313 | _aПо 1-му изд. 2007. | ||
| 320 | _aБиблиогр.: с. 713-730 (378 назв.) | ||
| 606 | 1 |
_aОткрытые русла _xГидравлика _91423907 _3RU\NLR\AUTH\66289855 |
|
| 606 | 1 |
_aТрубопроводный транспорт _xТрубопроводы _xГидравлика _92393616 _3RU\NLR\AUTH\661427245 |
|
| 686 | 1 | _aО71-01с116 | |
| 700 | 1 |
_aСелезнев _bВ. Е. _gВадим Евгеньевич _4070 |
|
| 701 | 1 |
_aАлешин _bВ. В. _gВладимир Васильевич _4070 |
|
| 701 | 1 |
_aПрялов _bС. Н. _gСергей Николаевич _4070 |
|
| 942 | _cBOOK | ||
| 980 | _aNB | ||